000 00469nam a2200181Ia 4500
008 240510s9999 xx 000 0 und d
041 _aEng
082 _a519.8
082 _bS17
100 _aSASIENI, Maurice, YASPAN, Arthur, FRIEDMAN, Lawrence
245 0 _aOperations Research:Methods and Problems
260 _bNew York , John Wiley
260 _c1959
300 _a316 p.
650 _aOperational research : mathematics
942 _2ddc
942 _cLBK
999 _c23426
_d23426
945 _a1
_bMadushi Gamage
_c1
_dMadushi Gamage